000 01172nam a2200325 i 4500
003 DO-SdBNP
005 20250715140426.0
007 ta
008 250714b2024 dr ||||| |||| 00| 0 spa d
020 _a9789945654578
040 _aDO-SdBNP
_bspa
_cBNPHU
_erda
041 _aspa
082 4 _a0
_bS211a
_222
100 1 _aSan Juan, Mario de,
_d1955-
_eautor
_4aut.
_988355
245 1 0 _aÁngel en el jardín :
_bpoesía, [1996] /
_cMario de San Juan.
246 1 4 _aÁngel en el jardín : poesía
250 _aPrimera edición
264 _aSanto Domingo, República Dominicana :
_bTigreazul Ediciones,
_bEditorial Suntuario,
_c2024.
300 _a106 páginas ;
_c23 cm.
336 _atexto
_btxt
_2rdacontent
337 _asin mediación
_bn
_2rdamedia
338 _avolumen
_bnc
_2rdacarrier
500 _aIncluye datos biográficos del autor en las solapas.
505 _aEl ángel pertenece a otro cielo -- Caballo de mar -- Revelación del ángel -- En el cielo de sus ojos
590 _aInventariado, 2025 /LP
650 7 _aPoesía dominicana
650 7 _aLiteratura dominicana
910 _aLP./Validado. Control de calidad MFF
942 _2ddc
_cLBS1
999 _c58312
_d58312